Most Popular Dinosaurs - Statistics

General Stats
  • This quiz has been taken 3,464 times
    3,015 since last reset
  • The average score is 6 of 10
Answer Stats
Dinosaur % Correct
Tyrannosaurus Rex
99%
Triceratops
87%
Velociraptor
80%
Stegosaurus
79%
Brachiosaurus
65%
Spinosaurus
59%
Allosaurus
38%
Pterodactyl
34%
Dilophosaurus
20%
Iguanodon
17%
No matching quizzes found
Score Distribution
Percent of People with Each Score
Percentile by Number Answered
Your Score History
You have not taken this quiz since the last reset